<?xml version="1.0" encoding="UTF-8"?><marc:collection xmlns:marc="http://www.loc.gov/MARC21/slim">
  <marc:record>
    <marc:leader>05910nas a2200745 c 4500</marc:leader>
    <marc:controlfield tag="001">010000372</marc:controlfield>
    <marc:controlfield tag="003">DE-101</marc:controlfield>
    <marc:controlfield tag="005">20251028051831.0</marc:controlfield>
    <marc:controlfield tag="007">tu</marc:controlfield>
    <marc:controlfield tag="008">991118c19479999ne u||p|  ||| 0||||1eng c</marc:controlfield>
    <marc:datafield tag="016" ind1="7" ind2=" ">
      <marc:subfield code="2">DE-600</marc:subfield>
      <marc:subfield code="a">52-8</marc:subfield>
    </marc:datafield>
    <marc:datafield tag="016" ind1="7" ind2=" ">
      <marc:subfield code="2">DE-101</marc:subfield>
      <marc:subfield code="a">010000372</marc:subfield>
    </marc:datafield>
    <marc:datafield tag="022" ind1=" " ind2=" ">
      <marc:subfield code="a">0003-2670</marc:subfield>
    </marc:datafield>
    <marc:datafield tag="022" ind1=" " ind2=" ">
      <marc:subfield code="a">0378-4304</marc:subfield>
    </marc:datafield>
    <marc:datafield tag="030" ind1=" " ind2=" ">
      <marc:subfield code="a">ACACA</marc:subfield>
    </marc:datafield>
    <marc:datafield tag="030" ind1=" " ind2=" ">
      <marc:subfield code="a">CTOPD3</marc:subfield>
    </marc:datafield>
    <marc:datafield tag="035" ind1=" " ind2=" ">
      <marc:subfield code="a">(DE-599)ZDB52-8</marc:subfield>
    </marc:datafield>
    <marc:datafield tag="035" ind1=" " ind2=" ">
      <marc:subfield code="a">(OCoLC)1367304951</marc:subfield>
    </marc:datafield>
    <marc:datafield tag="040" ind1=" " ind2=" ">
      <marc:subfield code="a">9001</marc:subfield>
      <marc:subfield code="b">ger</marc:subfield>
      <marc:subfield code="c">DE-101</marc:subfield>
      <marc:subfield code="d">9001</marc:subfield>
    </marc:datafield>
    <marc:datafield tag="041" ind1=" " ind2=" ">
      <marc:subfield code="a">eng</marc:subfield>
    </marc:datafield>
    <marc:datafield tag="042" ind1=" " ind2=" ">
      <marc:subfield code="a">zdb</marc:subfield>
    </marc:datafield>
    <marc:datafield tag="044" ind1=" " ind2=" ">
      <marc:subfield code="c">XA-NL</marc:subfield>
    </marc:datafield>
    <marc:datafield tag="082" ind1="7" ind2="4">
      <marc:subfield code="a">540</marc:subfield>
      <marc:subfield code="q">DE-600</marc:subfield>
      <marc:subfield code="2">22sdnb</marc:subfield>
    </marc:datafield>
    <marc:datafield tag="084" ind1=" " ind2=" ">
      <marc:subfield code="a">CHE 200z</marc:subfield>
      <marc:subfield code="2">stub</marc:subfield>
    </marc:datafield>
    <marc:datafield tag="210" ind1="0" ind2="0">
      <marc:subfield code="a">Anal Chim Acta</marc:subfield>
    </marc:datafield>
    <marc:datafield tag="210" ind1="0" ind2="0">
      <marc:subfield code="a">ANALYTICA CHIM. ACTA (AMSTERDAM)</marc:subfield>
    </marc:datafield>
    <marc:datafield tag="210" ind1="0" ind2="0">
      <marc:subfield code="a">Anal. Chim. Acta Comput. Tech. &amp; Optimiz. (Netherlands)</marc:subfield>
    </marc:datafield>
    <marc:datafield tag="210" ind1="0" ind2="0">
      <marc:subfield code="a">Anal Chim Ac</marc:subfield>
    </marc:datafield>
    <marc:datafield tag="210" ind1="0" ind2="0">
      <marc:subfield code="a">Anal Chimica Acta</marc:subfield>
    </marc:datafield>
    <marc:datafield tag="210" ind1="0" ind2="0">
      <marc:subfield code="a">Analyt Chim</marc:subfield>
    </marc:datafield>
    <marc:datafield tag="245" ind1="0" ind2="0">
      <marc:subfield code="a">Analytica chimica acta</marc:subfield>
      <marc:subfield code="b">an international journal devoted to all branches of analytical chemistry</marc:subfield>
    </marc:datafield>
    <marc:datafield tag="264" ind1="3" ind2="1">
      <marc:subfield code="a">Amsterdam [u.a.]</marc:subfield>
      <marc:subfield code="b">Elsevier</marc:subfield>
      <marc:subfield code="c">1947-</marc:subfield>
    </marc:datafield>
    <marc:datafield tag="336" ind1=" " ind2=" ">
      <marc:subfield code="a">Text</marc:subfield>
      <marc:subfield code="b">txt</marc:subfield>
      <marc:subfield code="2">rdacontent</marc:subfield>
    </marc:datafield>
    <marc:datafield tag="337" ind1=" " ind2=" ">
      <marc:subfield code="a">ohne Hilfsmittel zu benutzen</marc:subfield>
      <marc:subfield code="b">n</marc:subfield>
      <marc:subfield code="2">rdamedia</marc:subfield>
    </marc:datafield>
    <marc:datafield tag="338" ind1=" " ind2=" ">
      <marc:subfield code="a">Band</marc:subfield>
      <marc:subfield code="b">nc</marc:subfield>
      <marc:subfield code="2">rdacarrier</marc:subfield>
    </marc:datafield>
    <marc:datafield tag="362" ind1="0" ind2=" ">
      <marc:subfield code="a">1.1947 - 709.2011; Vol. 710.2012 -</marc:subfield>
    </marc:datafield>
    <marc:datafield tag="363" ind1="0" ind2="1">
      <marc:subfield code="8">1.1\x</marc:subfield>
      <marc:subfield code="i">1947</marc:subfield>
    </marc:datafield>
    <marc:datafield tag="515" ind1=" " ind2=" ">
      <marc:subfield code="a">Ab 710.2012 mit durchgehender Heftzählung, die als Vol. bez. wird</marc:subfield>
    </marc:datafield>
    <marc:datafield tag="550" ind1=" " ind2=" ">
      <marc:subfield code="a">Beteil. Körp. anfangs: Section de Chimie Analytique de l'Union Internationale de Chimie Pure et Appliquée</marc:subfield>
    </marc:datafield>
    <marc:datafield tag="555" ind1="8" ind2=" ">
      <marc:subfield code="a">Index 1/100.1947/78=137.1982; 101/110.1978/79 in: 110.1979,2; 111/120.1979/80 in: 120.1980,2; 121/130.1980/81 in 130.1981,2; 141/150.1982/83 in: 150.1983; 101/150.1978/83=168.1985; 151/160.1983/84 in: 160.1984; 161/170.1984/85 in: 170.1985; 171/190.1985/86 in: 190.1986; 151/200.1983/87=203.1987,2; 201/250.1987/91=267.1992,2; 251/300.1991/95=301.1995; 301/325.1995/96=328.1996,2/3; 302/400.1997/2000=425.2000; 401/424.1999/2000=430.2001; 426/450.2001=451.2002,1; 451/475.2002/03=476.2003,2; 476/500.2003=503.2004,1</marc:subfield>
    </marc:datafield>
    <marc:datafield tag="650" ind1=" " ind2="7">
      <marc:subfield code="0">(DE-588)4129906-1</marc:subfield>
      <marc:subfield code="0">https://d-nb.info/gnd/4129906-1</marc:subfield>
      <marc:subfield code="0">(DE-101)04129906X</marc:subfield>
      <marc:subfield code="a">Analytische Chemie</marc:subfield>
      <marc:subfield code="9">rswk-swf</marc:subfield>
      <marc:subfield code="2">gnd</marc:subfield>
    </marc:datafield>
    <marc:datafield tag="650" ind1=" " ind2="7">
      <marc:subfield code="0">(DE-588)4067488-5</marc:subfield>
      <marc:subfield code="0">https://d-nb.info/gnd/4067488-5</marc:subfield>
      <marc:subfield code="0">(DE-101)040674886</marc:subfield>
      <marc:subfield code="a">Zeitschrift</marc:subfield>
      <marc:subfield code="9">rswk-swf</marc:subfield>
      <marc:subfield code="2">gnd</marc:subfield>
    </marc:datafield>
    <marc:datafield tag="650" ind1=" " ind2="7">
      <marc:subfield code="0">(DE-588)4129906-1</marc:subfield>
      <marc:subfield code="0">https://d-nb.info/gnd/4129906-1</marc:subfield>
      <marc:subfield code="0">(DE-101)04129906X</marc:subfield>
      <marc:subfield code="a">Analytische Chemie</marc:subfield>
      <marc:subfield code="9">rswk-swf</marc:subfield>
      <marc:subfield code="2">gnd</marc:subfield>
    </marc:datafield>
    <marc:datafield tag="655" ind1=" " ind2="7">
      <marc:subfield code="0">(DE-588)4067488-5</marc:subfield>
      <marc:subfield code="0">https://d-nb.info/gnd/4067488-5</marc:subfield>
      <marc:subfield code="0">(DE-101)040674886</marc:subfield>
      <marc:subfield code="a">Zeitschrift</marc:subfield>
      <marc:subfield code="2">gnd-content</marc:subfield>
    </marc:datafield>
    <marc:datafield tag="689" ind1="0" ind2="0">
      <marc:subfield code="0">(DE-588)4129906-1</marc:subfield>
      <marc:subfield code="0">https://d-nb.info/gnd/4129906-1</marc:subfield>
      <marc:subfield code="0">(DE-101)04129906X</marc:subfield>
      <marc:subfield code="D">s</marc:subfield>
      <marc:subfield code="a">Analytische Chemie</marc:subfield>
    </marc:datafield>
    <marc:datafield tag="689" ind1="0" ind2="1">
      <marc:subfield code="0">(DE-588)4067488-5</marc:subfield>
      <marc:subfield code="0">https://d-nb.info/gnd/4067488-5</marc:subfield>
      <marc:subfield code="0">(DE-101)040674886</marc:subfield>
      <marc:subfield code="D">s</marc:subfield>
      <marc:subfield code="a">Zeitschrift</marc:subfield>
    </marc:datafield>
    <marc:datafield tag="689" ind1="0" ind2=" ">
      <marc:subfield code="5">DE-600</marc:subfield>
      <marc:subfield code="5">DE-600</marc:subfield>
    </marc:datafield>
    <marc:datafield tag="689" ind1="1" ind2="0">
      <marc:subfield code="0">(DE-588)4129906-1</marc:subfield>
      <marc:subfield code="0">https://d-nb.info/gnd/4129906-1</marc:subfield>
      <marc:subfield code="0">(DE-101)04129906X</marc:subfield>
      <marc:subfield code="D">s</marc:subfield>
      <marc:subfield code="a">Analytische Chemie</marc:subfield>
    </marc:datafield>
    <marc:datafield tag="689" ind1="1" ind2=" ">
      <marc:subfield code="5">DE-600</marc:subfield>
      <marc:subfield code="5">DE-600</marc:subfield>
    </marc:datafield>
    <marc:datafield tag="776" ind1="0" ind2="8">
      <marc:subfield code="i">Erscheint auch als</marc:subfield>
      <marc:subfield code="n">Online-Ausgabe</marc:subfield>
      <marc:subfield code="t">Analytica chimica acta</marc:subfield>
      <marc:subfield code="d">Amsterdam : Elsevier Science, 1947-</marc:subfield>
      <marc:subfield code="h">Online-Ressource</marc:subfield>
      <marc:subfield code="x">1873-4324</marc:subfield>
      <marc:subfield code="w">(DE-600)1483436-4</marc:subfield>
      <marc:subfield code="w">(DE-101)019763174</marc:subfield>
    </marc:datafield>
    <marc:datafield tag="780" ind1="0" ind2="5">
      <marc:subfield code="i">Darin aufgegangen</marc:subfield>
      <marc:subfield code="t">Computer techniques and optimization</marc:subfield>
      <marc:subfield code="d">Amsterdam : Elsevier, 1977-1981</marc:subfield>
      <marc:subfield code="w">(DE-600)224351-9</marc:subfield>
      <marc:subfield code="w">(DE-101)01132967X</marc:subfield>
    </marc:datafield>
    <marc:datafield tag="787" ind1="0" ind2="8">
      <marc:subfield code="i">95=1; 103=2; 112=3; 122=4; 133=5 von</marc:subfield>
      <marc:subfield code="t">Computer techniques and optimization</marc:subfield>
      <marc:subfield code="d">Amsterdam : Elsevier, 1977-1981</marc:subfield>
      <marc:subfield code="w">(DE-600)224351-9</marc:subfield>
      <marc:subfield code="w">(DE-101)01132967X</marc:subfield>
    </marc:datafield>
    <marc:datafield tag="787" ind1="0" ind2="8">
      <marc:subfield code="i">2,5/7=1948 von</marc:subfield>
      <marc:subfield code="a">International Congress on Analytical Chemistry</marc:subfield>
      <marc:subfield code="t">Proceedings of the International Congress on Analytical Chemistry</marc:subfield>
      <marc:subfield code="d">[Wechselnde Erscheinungsorte] : [Verlag nicht ermittelbar], 1948-1952</marc:subfield>
      <marc:subfield code="w">(DE-600)795558-3</marc:subfield>
      <marc:subfield code="w">(DE-101)014401347</marc:subfield>
    </marc:datafield>
    <marc:datafield tag="787" ind1="0" ind2="8">
      <marc:subfield code="i">38,1/2=1967 von</marc:subfield>
      <marc:subfield code="a">International Symposium on Physical Separation Methods in Chemical Analysis</marc:subfield>
      <marc:subfield code="t">International Symposium on Physical Separation Methods in Chemical Analysis</marc:subfield>
      <marc:subfield code="d">Amsterdam [u.a.] : Elsevier, 1967-1967</marc:subfield>
      <marc:subfield code="w">(DE-600)782458-0</marc:subfield>
      <marc:subfield code="w">(DE-101)014297787</marc:subfield>
    </marc:datafield>
    <marc:datafield tag="787" ind1="0" ind2="8">
      <marc:subfield code="i">163=[1]; 213=2 von</marc:subfield>
      <marc:subfield code="a">Anabiotec</marc:subfield>
      <marc:subfield code="t">Proceedings of the International Symposium on Analytical Methods and Problems in Biotechnology</marc:subfield>
      <marc:subfield code="d">Amsterdam [u.a.] : Elsevier, 1984-1988</marc:subfield>
      <marc:subfield code="w">(DE-600)232381-3</marc:subfield>
      <marc:subfield code="w">(DE-101)011390344</marc:subfield>
    </marc:datafield>
    <marc:datafield tag="787" ind1="0" ind2="8">
      <marc:subfield code="i">150,1=2; 191=3 von</marc:subfield>
      <marc:subfield code="t">Chemometrics in analytical chemistry</marc:subfield>
      <marc:subfield code="d">Amsterdam [u.a.] : Elsevier, 1983-1986</marc:subfield>
      <marc:subfield code="w">(DE-600)233610-8</marc:subfield>
      <marc:subfield code="w">(DE-101)01140146X</marc:subfield>
    </marc:datafield>
    <marc:datafield tag="787" ind1="0" ind2="8">
      <marc:subfield code="i">195/196=10 von</marc:subfield>
      <marc:subfield code="a">International Symposium on Microchemical Techniques</marc:subfield>
      <marc:subfield code="t">Proceedings of the ... International Symposium on Microchemical Techniques</marc:subfield>
      <marc:subfield code="d">Amsterdam : Elsevier, 1962-1987</marc:subfield>
      <marc:subfield code="w">(DE-600)233755-1</marc:subfield>
      <marc:subfield code="w">(DE-101)011402776</marc:subfield>
    </marc:datafield>
    <marc:datafield tag="787" ind1="0" ind2="8">
      <marc:subfield code="i">170,1=1; 205,1/2=2; 227,1=3 von</marc:subfield>
      <marc:subfield code="a">International Symposium on Quantitative Luminescence Spectrometry in Biomedical Sciences</marc:subfield>
      <marc:subfield code="t">Proceedings of the ... International Symposium on Quantitative Luminescence Spectrometry in Biomedical Sciences</marc:subfield>
      <marc:subfield code="d">Amsterdam : Elsevier, 1985-1989</marc:subfield>
      <marc:subfield code="w">(DE-600)896968-1</marc:subfield>
      <marc:subfield code="w">(DE-101)014938790</marc:subfield>
    </marc:datafield>
    <marc:datafield tag="787" ind1="0" ind2="8">
      <marc:subfield code="i">210,1=8 von</marc:subfield>
      <marc:subfield code="a">International Conference on Computers in Chemical Research and Education</marc:subfield>
      <marc:subfield code="t">Proceedings of the ... International Conference on Computers in Chemical Research and Education (ICCCRE)</marc:subfield>
      <marc:subfield code="d">Amsterdam [u.a.] : Elsevier, 1983-1988</marc:subfield>
      <marc:subfield code="w">(DE-600)605329-4</marc:subfield>
      <marc:subfield code="w">(DE-101)013487795</marc:subfield>
    </marc:datafield>
    <marc:datafield tag="787" ind1="0" ind2="8">
      <marc:subfield code="i">114=[1]; 145=2; 179=3 von</marc:subfield>
      <marc:subfield code="t">Flow analysis</marc:subfield>
      <marc:subfield code="d">Amsterdam : Elsevier, 1980-1986</marc:subfield>
      <marc:subfield code="w">(DE-600)57500-8</marc:subfield>
      <marc:subfield code="w">(DE-101)010507191</marc:subfield>
    </marc:datafield>
    <marc:datafield tag="787" ind1="0" ind2="8">
      <marc:subfield code="i">246,1=[1]; 307,2/3=2; 397,1/3=3; 496,1/2 von</marc:subfield>
      <marc:subfield code="t">Looking to the future of analytical chemistry</marc:subfield>
      <marc:subfield code="d">Amsterdam : Elsevier, 1991-</marc:subfield>
      <marc:subfield code="w">(DE-600)1335407-3</marc:subfield>
      <marc:subfield code="w">(DE-101)018376177</marc:subfield>
    </marc:datafield>
    <marc:datafield tag="787" ind1="0" ind2="8">
      <marc:subfield code="i">223,1=4 von</marc:subfield>
      <marc:subfield code="a">International Conference on Chemometrics in Analytical Chemistry</marc:subfield>
      <marc:subfield code="t">Proceedings of the ... International Conference on Chemometrics in Analytical Chemistry</marc:subfield>
      <marc:subfield code="d">Amsterdam [u.a.] : Elsevier, 1989-</marc:subfield>
      <marc:subfield code="w">(DE-600)1022203-0</marc:subfield>
      <marc:subfield code="w">(DE-101)015549380</marc:subfield>
    </marc:datafield>
    <marc:datafield tag="787" ind1="0" ind2="8">
      <marc:subfield code="i">240=1; 253=2 von</marc:subfield>
      <marc:subfield code="t">Vibrational spectroscopy</marc:subfield>
      <marc:subfield code="d">Amsterdam [u.a.] : Elsevier, 1990-</marc:subfield>
      <marc:subfield code="x">0924-2031</marc:subfield>
      <marc:subfield code="w">(DE-600)1056619-3</marc:subfield>
      <marc:subfield code="w">(DE-101)015882799</marc:subfield>
    </marc:datafield>
    <marc:datafield tag="787" ind1="0" ind2="8">
      <marc:subfield code="i">214=4 von</marc:subfield>
      <marc:subfield code="a">International Conference on Flow Analysis</marc:subfield>
      <marc:subfield code="t">Proceedings of the ... International Conference on Flow Analysis</marc:subfield>
      <marc:subfield code="d">Amsterdam : Elsevier Science, 1988-1988</marc:subfield>
      <marc:subfield code="w">(DE-600)1490883-9</marc:subfield>
      <marc:subfield code="w">(DE-101)019836775</marc:subfield>
    </marc:datafield>
    <marc:datafield tag="850" ind1=" " ind2=" ">
      <marc:subfield code="a">DE-101a</marc:subfield>
    </marc:datafield>
  </marc:record>
</marc:collection>
